<?xml version="1.0" encoding="UTF-8"?>
<record
    xmlns:xsi="http://www.w3.org/2001/XMLSchema-instance"
    xsi:schemaLocation="http://www.loc.gov/MARC21/slim http://www.loc.gov/standards/marcxml/schema/MARC21slim.xsd"
    xmlns="http://www.loc.gov/MARC21/slim">

  <leader>03488nam a2200541Ia 4500</leader>
  <controlfield tag="001">1461</controlfield>
  <controlfield tag="008">241029s9999    xx            000 0 und d</controlfield>
  <datafield tag="010" ind1=" " ind2=" ">
    <subfield code="a">1361</subfield>
  </datafield>
  <datafield tag="041" ind1=" " ind2=" ">
    <subfield code="a">Espa&#xF1;ol</subfield>
  </datafield>
  <datafield tag="082" ind1=" " ind2=" ">
    <subfield code="a">NO APLICA</subfield>
  </datafield>
  <datafield tag="245" ind1=" " ind2="0">
    <subfield code="a">Incidencia de micro -pol&#xED;ticas pedag&#xF3;gicas y administrativas en el recinto Juan Vicente Moscoso. San Pedro de Macor&#xED;s, Per&#xED;odo 2007-2008</subfield>
  </datafield>
  <datafield tag="260" ind1=" " ind2=" ">
    <subfield code="a">San Pedro de Macor&#xED;s</subfield>
  </datafield>
  <datafield tag="300" ind1=" " ind2=" ">
    <subfield code="a">127</subfield>
  </datafield>
  <datafield tag="520" ind1=" " ind2=" ">
    <subfield code="a">20</subfield>
  </datafield>
  <datafield tag="630" ind1=" " ind2=" ">
    <subfield code="a">Incidencia</subfield>
  </datafield>
  <datafield tag="630" ind1=" " ind2=" ">
    <subfield code="a">Pedagog&#xED;a</subfield>
  </datafield>
  <datafield tag="650" ind1=" " ind2=" ">
    <subfield code="a">Administraci&#xF3;n de la Educaci&#xF3;n</subfield>
  </datafield>
  <datafield tag="690" ind1=" " ind2=" ">
    <subfield code="a">Elaborado</subfield>
  </datafield>
  <datafield tag="700" ind1=" " ind2=" ">
    <subfield code="e">asesor</subfield>
    <subfield code="a"> Paulino, Laura</subfield>
  </datafield>
  <datafield tag="700" ind1=" " ind2=" ">
    <subfield code="e">autor</subfield>
    <subfield code="a">Mena Santana, Felicia</subfield>
  </datafield>
  <datafield tag="700" ind1=" " ind2=" ">
    <subfield code="e">autor</subfield>
    <subfield code="a">&#xC3;&#x81;lvarez L&#xF3;pez, Loreto M</subfield>
  </datafield>
  <datafield tag="901" ind1=" " ind2=" ">
    <subfield code="a">{"1":"Mena Santana","2":"&#xC3;&#x81;lvarez L&#xF3;pez"}</subfield>
    <subfield code="b">{"1":"Felicia","2":"Loreto M"}</subfield>
  </datafield>
  <datafield tag="902" ind1=" " ind2=" ">
    <subfield code="a">1</subfield>
  </datafield>
  <datafield tag="903" ind1=" " ind2=" ">
    <subfield code="a">{"1":" Paulino"}</subfield>
    <subfield code="b">{"1":"Laura"}</subfield>
  </datafield>
  <datafield tag="904" ind1=" " ind2=" ">
    <subfield code="a">Maestr&#xED;a en</subfield>
  </datafield>
  <datafield tag="905" ind1=" " ind2=" ">
    <subfield code="a">Gesti&#xF3;n y Organizaci&#xF3;n de Centros Educativos</subfield>
  </datafield>
  <datafield tag="906" ind1=" " ind2=" ">
    <subfield code="a">2</subfield>
  </datafield>
  <datafield tag="907" ind1=" " ind2=" ">
    <subfield code="a">NO APLICA</subfield>
  </datafield>
  <datafield tag="908" ind1=" " ind2=" ">
    <subfield code="a">NO APLICA</subfield>
  </datafield>
  <datafield tag="909" ind1=" " ind2=" ">
    <subfield code="a">ISFODOSU, Recinto Juan Vicente Moscoso</subfield>
  </datafield>
  <datafield tag="910" ind1=" " ind2=" ">
    <subfield code="a">NULL</subfield>
    <subfield code="b">NULL</subfield>
  </datafield>
  <datafield tag="911" ind1=" " ind2=" ">
    <subfield code="a">["1"]</subfield>
  </datafield>
  <datafield tag="912" ind1=" " ind2=" ">
    <subfield code="a">NO APLICA</subfield>
  </datafield>
  <datafield tag="913" ind1=" " ind2=" ">
    <subfield code="a">NULL</subfield>
  </datafield>
  <datafield tag="914" ind1=" " ind2=" ">
    <subfield code="a">01 de Mayo de 2009</subfield>
  </datafield>
  <datafield tag="915" ind1=" " ind2=" ">
    <subfield code="a">20/07/15 01:07</subfield>
  </datafield>
  <datafield tag="916" ind1=" " ind2=" ">
    <subfield code="a">NULL</subfield>
  </datafield>
  <datafield tag="917" ind1=" " ind2=" ">
    <subfield code="a">NULL</subfield>
  </datafield>
  <datafield tag="918" ind1=" " ind2=" ">
    <subfield code="a">NO APLICA</subfield>
  </datafield>
  <datafield tag="919" ind1=" " ind2=" ">
    <subfield code="a">["209","153"]</subfield>
  </datafield>
  <datafield tag="520" ind1=" " ind2=" ">
    <subfield code="a">El prop&#xF3;sito principal del estudio consisti&#xF3; en identificar y analizar las micros pol&#xED;ticas que se han ejecutado en la gesti&#xF3;n institucional del ?Recinto Juan Vicente Moscoso? en el &#xFA;ltimo cuatrienio 2004-2008, con el objetivo de propiciar acciones de mejora.El estudio fue de tipo exploratoria y anal&#xED;tico-descriptivo, adem&#xE1;s de una inclinaci&#xF3;n hacia un enfoque mixto que permea lo cualitativo y lo cuantitativo. Las t&#xE9;cnicas e instrumentos de recolecci&#xF3;n de datos utilizados en la investigaci&#xF3;n consistieron en el uso de encuesta, observaciones estructuradas, lista de cotejo y entrevistas a los alumnos, maestros, miembros de la comunidad y directivos de centros educativos.La poblaci&#xF3;n objeto de estudio estuvo conformada de la siguiente manera: veinte y cinco (25) miembros de la comunidad, treinta y un (31) maestros, siete (7) directivos, y 1,300 estudiantes de las tanda matutinas, vespertinas, nocturnas y sabatinas de los diferentes programas como son: (sabatinos, Regulares, Maestr&#xED;as, Educaci&#xF3;n F&#xED;sica y Habilitaci&#xF3;n Docente), de los cuales se extrajeron muestras representativas consistentes en las siguientes estimaciones: la totalidad de poblaci&#xF3;n de los directivos (7), una muestra de la poblaci&#xF3;n de maestros/as (25), una muestra de (25) miembros de la comunidad circundante y una muestra de estudiantes de (174).El estudio concluye que la gesti&#xF3;n del centro cuenta con una arraigada influencia de centralismo, se evidencia que los profesores y estudiantes no tienen las mismas oportunidades de informaciones y participaci&#xF3;n, en eventos estudiantiles de manera directa o colaterales a las acad&#xE9;micas, al igual que los docentes, que la mayor&#xED;a no se da cuenta de muchas de las actividades internas o externas del recinto.El estudio recomienda a los directivos del recinto, que sean m&#xE1;s flexibles en el uso de los medios, de los recursos y los espacios tanto a los estudiantes, a los docentes como a la comunidad circundante de la escuela formadora de profesionales de la educaci&#xF3;n.</subfield>
  </datafield>
  <datafield tag="921" ind1=" " ind2=" ">
    <subfield code="a">2</subfield>
  </datafield>
  <datafield tag="922" ind1=" " ind2=" ">
    <subfield code="a">2</subfield>
  </datafield>
  <datafield tag="923" ind1=" " ind2=" ">
    <subfield code="a">0</subfield>
  </datafield>
  <datafield tag="924" ind1=" " ind2=" ">
    <subfield code="a">NO APLICA</subfield>
  </datafield>
  <datafield tag="942" ind1=" " ind2=" ">
    <subfield code="c">Tesis</subfield>
  </datafield>
  <datafield tag="999" ind1=" " ind2=" ">
    <subfield code="c">1361</subfield>
    <subfield code="d">1361</subfield>
  </datafield>
</record>
